000 00497cam a22001457a 4500
008 180718b2001 xxu||||| |||| 00| 0 eng d
082 _aLmx5452 F/2002-07
100 _aTamil Nadu. Finance Commission
245 _aReport and Recommendations of Second State Finance Commission, Tamil Nadu, 2002-07
260 _aChennai
_bThe author
_c2001
300 _a2vols.
500 _aContents: v.1. v.p.;v.2. 218p.
650 _aMunicipal finance - India - Tamil Nadu
700 _aSukavaneshvar (Chairman)
999 _c475616
_d475616